000 00740nam a2200241 a 4500
001 000012719
003 DO-SdBNP
005 20240530073915.0
007 ta
008 091116s2002 dr 001 f spa d
040 _aDO-SdBNP
_bspa
_cBNPHU
082 4 _aRD863.44
_bR196p
100 1 _aRangassamy, Xenia,
_d1974-
_929486
245 1 4 _aLos pies sobre la tierra /
_cXenia Rangassamy.
260 _aSanto Domingo :
_bCaja de pandora,
_c2002.
300 _a118 p. ;
_c18 cm.
500 _aIncluye datos biográficos del la autora en la contracubierta.
590 _aInventariado, 2023/MFF
650 0 _aNovela dominicana
_9223
650 0 _aLiteratura dominicana.
_967
910 _aValidado. Control de calidad MFF
942 _2ddc
_cLBS1
999 _c12370
_d12370